000 01418naa a22003017a 4500
001 BR9603263
003 BR-BrBNA
005 20240918181834.0
007 ta
008 230509b bl.||||| |||| 00| 0 por d
040 _aBR-BrBNA
_bpor
_cBiblioteca Nacional de Agricultura
041 _a(Pt)
072 _aF03; F62
_b3575
090 _aF03 BR9603263
100 1 _aBarroso, D.G.
100 1 _aMiranda, R.U.
100 1 _aMarinho, C.S.
111 1 _a1. Congresso Florestal Panamericano7. Congresso Florestal Brasileiro
_cCuritiba, PR (Brazil)
_d19-24 Sep 1993
245 1 _aTratamento pre-germinativo de sementes de 3 especies nativas da mata de restinga da regiao de Mataraca - SB
260 3 _aCuritiba, PR (Brasil):
_c1993.
500 _aAnais do 1. Congresso Florestal Panamericano e 7. Congresso Florestal Brasileiro. Floresta para o desenvolvimento: politica, ambiente, tecnologia e mercado. Trabalhos voluntarios e posters Curitiba, PR (Brasil): 1993. v. 2 p. 476-477 (BR9603263-AM)F03
650 _aSemente
650 _aTeste de Sementes
650 _aGerminacao
773 0 _tAnais do 1. Congresso Florestal Panamericano e 7. Congresso Florestal Brasileiro. Floresta para o desenvolvimento: politica, ambiente, tecnologia e mercado. Trabalhos voluntarios e posters
_wF03 BR9603263
_gCuritiba, PR (Brasil), 1993. v. 2 p. 476-477
909 _a202404
_bLucia
_c55
_dLucia Elande
942 _cAM
_2AGRIS
999 _c327089
_d327089